LIBRARY & INFORMATION CENTRE, KCAET, TAVANUR

ONLINE PUBLIC ACCESS CATALOGUE (OPAC)

Energy from biomass / (Record no. 6769)

MARC details
000 -LEADER
fixed length control field 00452cam a2200181ua 4500
003 - CONTROL NUMBER IDENTIFIER
control field OSt
008 - FIXED-LENGTH DATA ELEMENTS--GENERAL INFORMATION
fixed length control field 250804b |||||||| |||| 00| 0 eng d
020 ## - INTERNATIONAL STANDARD BOOK NUMBER
ISBN 0-85334-396-6
041 ## - LANGUAGE CODE
Language code of text/sound track or separate title eng
082 ## - DEWEY DECIMAL CLASSIFICATION NUMBER
Classification number 621.47
Item number PAL/EN
100 ## - MAIN ENTRY--AUTHOR NAME
Personal name Palz, W .
245 ## - TITLE STATEMENT
Title Energy from biomass /
260 ## - PUBLICATION, DISTRIBUTION, ETC. (IMPRINT)
Place of publication London :
Name of publisher Elsevier applied sciences ,
Year of publication 1985.
300 ## - PHYSICAL DESCRIPTION
Number of Pages 1211 ; .
700 1# - ADDED ENTRY--PERSONAL NAME
Personal name Coombs, J .
700 1# - ADDED ENTRY--PERSONAL NAME
Personal name Hall, D.O .
942 ## - ADDED ENTRY ELEMENTS (KOHA)
Koha item type Books
Holdings
Withdrawn status Lost status Damaged status Home library Current library Date acquired Full call number Accession Number Koha item type
      KAUAET KAUAET 27/03/1987 621.47 PAL/EN 16282 Books
free website counter